[Event "16th IRI-chT Super League 2017"]
[Site "Sari"]
[Date "2017.09.13"]
[Round "1.1"]
[White "Idani, Pouya"]
[Black "Ghaem Maghami, Ehsan"]
[Result "1/2-1/2"]
[WhiteElo "2566"]
[BlackElo "2560"]
[Annotator "TA"]
[PlyCount "33"]
[EventDate "2017.??.??"]
[EventType "team-tourn"]
[EventCountry "IRI"]
[SourceTitle "playchess.com"]
[Source "ChessBase"]
[SourceQuality "1"]

1. e4 {Program Activation Required} c5 2. Nf3 e6 3. d4 cxd4 4. Nxd4 a6 5. Bd3 g6 6. O-O Bg7 7. Nb3 Ne7 8. c4 {B42: Sizilianisch (Paulsen-Variante)} O-O 9. Nc3 Nbc6 10. Bf4 (10. Bg5 h6 11. Bh4 g5 12. Bg3 Ne5 13. Be2 N7g6 14. Qd2 b6 15. f3 {0-1 (38) Jakovenko,D (2759)-Artemiev,V (2671) Chita 2015}) 10... d5 11. exd5 exd5 12. c5 Ne5 13. Re1 N7c6 14. Bf1 {[#]} {Vorgänger:} Be6 $146 15. Nd4 Nxd4 16. Bxe5 Bxe5 17. Rxe5 {½-½ (68) Liang,A (2406)-Pichot,A (2532) San Salvador 2016} 1/2-1/2

[Event "16th IRI-chT Super League 2017"]
[Site "Sari"]
[Date "2017.09.13"]
[Round "1.1"]
[White "Veisi, Bardia"]
[Black "Lorparizangeneh, Shahin"]
[Result "1-0"]
[WhiteElo "2326"]
[BlackElo "2507"]
[Annotator "TA"]
[PlyCount "103"]
[EventDate "2017.??.??"]
[EventType "team-tourn"]
[EventCountry "IRI"]
[SourceTitle "playchess.com"]
[Source "ChessBase"]
[SourceQuality "1"]

1. Nf3 {Program Activation Required} Nf6 2. c4 g6 3. Nc3 Bg7 4. e4 O-O 5. d4 c6 6. Bd3 d6 7. h3 e5 8. d5 {E90: Königsindisch (Klassisches System)} Na6 (8... Nh5 9. Bg5 f6 10. Be3 f5 11. exf5 gxf5 12. g4 fxg4 13. Ng5 Nf4 14. Bxh7+ Kh8 15. Nce4 Bh6 16. hxg4 Bxg5 {0-1 (38) Akobian,V (2626)-Andreikin,D (2648) Lubbock 2009}) 9. O-O cxd5 10. cxd5 Nd7 $146 ({Vorgänger:} 10... Nc5 11. Bc2 a5 12. Re1 Bd7 13. a4 b6 14. Qe2 Nh5 15. Nb5 Qe7 16. Bg5 {1-0 (50) Kelm,D (1874)-Majhi,A (2136) Hamburg 2015}) 11. a3 f5 12. Bxa6 bxa6 13. Ng5 Nb6 14. Ne6 Bxe6 15. dxe6 Re8 16. Nd5 Rxe6 17. Qb3 Nxd5 18. Qxd5 Qe8 19. Bd2 Rb8 20. Rac1 Rb5 21. Qa2 fxe4 22. Rc7 Rc5 23. Rc1 Kh8 24. R1xc5 dxc5 25. Rxc5 Rc6 26. Qc4 Rxc5 27. Qxc5 Qd7 28. Be3 h5 29. Qxa7 Qxa7 30. Bxa7 Kg8 31. Kf1 Kf7 32. Ke2 Ke6 33. Kd2 Kd5 34. Kc3 Bf8 35. b4 Bd6 36. Bb6 Be7 37. Kb3 Bd6 38. a4 Be7 39. b5 axb5 40. axb5 Bd6 41. Be3 Be7 42. Ka4 Bd8 43. Kb4 Be7+ 44. Kb3 Bd8 45. g3 Bc7 46. h4 Bd8 47. Kb4 Kd6 48. Kc4 Bc7 49. b6 Bb8 50. Kb5 Kd5 51. Bc5 e3 52. Bxe3 1-0

[Event "16th IRI-chT Super League 2017"]
[Site "Sari"]
[Date "2017.09.13"]
[Round "1.2"]
[White "Maghsoodloo, Parham"]
[Black "Firouzja, Alireza"]
[Result "1/2-1/2"]
[WhiteElo "2569"]
[BlackElo "2527"]
[Annotator "TA"]
[PlyCount "30"]
[EventDate "2017.??.??"]
[EventType "team-tourn"]
[EventCountry "IRI"]
[SourceTitle "playchess.com"]
[Source "ChessBase"]
[SourceQuality "1"]

{[%evp 20,26,-24,-59,-62,-54,-58,-125,-110]} 1. c4 e5 2. Nc3 Nf6 3. Nf3 Nc6 4. e4 Bc5 5. Nxe5 Nxe5 6. d4 Bb4 7. dxe5 Nxe4 8. Qd3 {A28: English Opening: Four Knights Variation} (8. Qf3 Nxc3 9. bxc3 Be7 10. Qg3 g6 11. Bh6 d6 12. Rd1 Be6 13. Be2 Qd7 14. Bf4 O-O 15. O-O Qa4 16. exd6 cxd6 17. Bxd6 Bxd6 18. Qxd6 Qxa2 {½-½ (60) Ghaem Maghami,E (2596)-Vovk,Y (2617) Berlin 2015}) 8... Nxc3 9. bxc3 Ba5 10. Ba3 Qg5 11. Qd4 {LiveBook: 3 Games} d6 12. exd6 O-O $1 13. f4 (13. Be2 $15) 13... Re8+ {Predecessor:} 14. Kf2 $146 Qf5 15. Be2 Re4 {0-1 (26) Poldauf,D (2404)-Pirrot,D (2422) Germany 2004} 1/2-1/2

[Event "16th IRI-chT Super League 2017"]
[Site "Sari"]
[Date "2017.09.13"]
[Round "1.2"]
[White "Golizadeh, Asghar"]
[Black "Ettehadi, H."]
[Result "1-0"]
[WhiteElo "2468"]
[BlackElo "2188"]
[Annotator "TA"]
[PlyCount "51"]
[EventDate "2017.??.??"]
[EventType "team-tourn"]
[EventCountry "IRI"]
[SourceTitle "playchess.com"]
[Source "ChessBase"]
[SourceQuality "1"]

{[%evp 22,51,95,94,97,95,97,97,86,80,86,53,45,47,72,77,87,83,296,295,300,139,301,288,404,405,400,408,393,400,390,390]} 1. e4 e6 2. d4 d5 3. Nc3 dxe4 4. Nxe4 Bd7 5. Nf3 Bc6 6. Bd3 Nd7 7. Qe2 Ngf6 8. Ng3 Be7 9. O-O O-O 10. Ne5 {C10: French with 3 Nc3: Unusual Black 3rd moves and 3...dxe4} Nxe5 11. dxe5 Qd5 (11... Nd7 12. Rd1 Qe8 13. c3 a5 14. Bf4 Kh8 15. Rd2 Nc5 16. Bc2 Rd8 17. Rad1 Rd5 18. Rxd5 Bxd5 {½-½ (30) Predojevic,B (2642)-Rozentalis,E (2565) Baku 2016}) 12. f4 $1 {LiveBook: 3 Games. White is better.} Ng4 13. Kh1 {And now Be4 would win.} Nh6 14. Rd1 {aiming for f5.} Qa5 15. Bd2 $146 ({Predecessor:} 15. a3 Rfd8 16. Bd2 Qb6 17. b4 Ba4 {½-½ (31) Lifshitz,S (2295)-Brousek,J (2314) IECC email 2003}) 15... Qb6 16. f5 Nxf5 17. Bxf5 exf5 18. Nxf5 {[%cal Bg3f5,Bf5h6,Bh6f7,Bf7g5][%mdl 32]} Rfe8 {[#]} ({Avoid the trap} 18... Qc5 $2 19. b4 $18) 19. Qg4 $1 {[%csl Gf5][%cal Rg4g7]} Bf8 $2 (19... g6 $16 {keeps fighting.}) 20. Nh6+ $1 $18 Kh8 21. Nxf7+ $40 {[%mdl 128] Black is in trouble.} Kg8 {[#]} 22. Qc4 $1 {White threatens Nh6+ and mate.} Re6 (22... Bxg2+ $142 23. Kxg2 Qe6 24. Qxe6 (24. Qxc7 Re7 $17) 24... Rxe6) 23. Ng5 {White is winning.} Bxg2+ 24. Kxg2 Qc6+ 25. Qxc6 Rxc6 26. c3 {Precision: White = 80%, Black = 66%.} 1-0

[Event "16th IRI-chT Super League 2017"]
[Site "Sari"]
[Date "2017.09.13"]
[Round "1.3"]
[White "Darini, Pouria"]
[Black "Pourramezanali, Amirreza"]
[Result "1/2-1/2"]
[WhiteElo "2488"]
[BlackElo "2534"]
[Annotator "TA"]
[PlyCount "28"]
[EventDate "2017.??.??"]
[EventType "team-tourn"]
[EventCountry "IRI"]
[SourceTitle "playchess.com"]
[Source "ChessBase"]
[SourceQuality "1"]

1. e4 {Program Activation Required} c5 2. Nf3 g6 3. d4 cxd4 4. Qxd4 Nf6 5. Nc3 Nc6 6. Qa4 d6 7. e5 dxe5 8. Nxe5 Bd7 {B27: Sizilianisch (Frühes Fianchetto)} (8... Bg7 9. Nxc6 bxc6 10. Qxc6+ Bd7 11. Qa6 O-O 12. Be2 Qc7 13. O-O Ng4 14. g3 Rab8 15. Qa3 Bd4 16. Bxg4 Bxg4 {½-½ (40) Saric,I (2621)-Vocaturo,D (2592) Helsingor 2017}) 9. Nxd7 Nxd7 10. Be3 Bg7 11. Rd1 $146 ({Vorgänger:} 11. Be2 O-O 12. O-O Nb6 13. Qh4 Nd4 14. Bd3 e5 15. Qxd8 Rfxd8 16. Rad1 {0-1 (39) Di Benedetto,E (2153)-Aydincelebi,K (1896) Batumi 2014}) 11... O-O 12. h4 Nb6 13. Qb5 Qc7 14. Qa4 Qd8 1/2-1/2

[Event "16th IRI-chT Super League 2017"]
[Site "Sari"]
[Date "2017.09.13"]
[Round "1.3"]
[White "Jamshidi, Amir Hossein"]
[Black "Asgarizadeh, Ahmad"]
[Result "0-1"]
[WhiteElo "2230"]
[BlackElo "2412"]
[Annotator "TA"]
[PlyCount "86"]
[EventDate "2017.??.??"]
[EventType "team-tourn"]
[EventCountry "IRI"]
[SourceTitle "playchess.com"]
[Source "ChessBase"]
[SourceQuality "1"]

{[%evp 9,86,-2,3,3,14,0,2,0,0,-95,-93,-107,-96,-127,-61,-218,-205,-714,-714,-685,-696,-667,-657,-722,-730,-723,-723,-723,-709,-668,-617,-847,-551,-696,-501,-503,-491,-501,-411,-485,-447,-503,-500,-510,-493,-465,-489,-527,-463,-508,-500,-487,-460,-527,-514,-501,-402,-495,-516,-537,-484,-821,-607,-633,-580,-853,-702,-868,-845,-946,-937,-1156,-1139,-1128,-1116,-1093,-897,-29984,-29985]} 1. c4 e5 {[%cal Be7e5,Be5e4][%mdl 32]} 2. g3 f5 3. d4 Nc6 (3... d6 4. Nc3 Nf6 5. Bg2 Be7 6. b3 O-O 7. Bb2 c6 8. e3 e4 9. Nh3 d5 10. O-O Be6 11. Ng5 Bd7 12. f3 Na6 13. a3 Nc7 {½-½ (50) Howell,D (2644)-Yu,Y (2729) Doha 2016}) 4. Nf3 e4 5. d5 exf3 6. dxc6 {A20: English Opening: 1...e5} Qe7 $146 ({Predecessor:} 6... fxe2 7. Qxe2+ Qe7 8. cxd7+ Bxd7 9. Bg2 Qxe2+ 10. Kxe2 O-O-O 11. Rd1 Nf6 12. Nc3 {½-½ (12) Ksieski,Z (2391)-Praszak,M (2231) Lublin 2009}) 7. Be3 fxe2 8. cxd7+ {The position is equal.} Bxd7 9. Qxe2 (9. Bxe2 $11 {was the only way to keep the balance.} O-O-O 10. Nd2) 9... Bc6 $17 10. Rg1 O-O-O $36 {[%mdl 2048] Black is on the roll.} 11. Nd2 {[#]} Nf6 (11... g6 $1 $17 12. O-O-O Bg7) 12. h3 $2 ({White should try} 12. O-O-O $15) 12... Qe5 $19 13. O-O-O $2 {[#]} (13. Bg2 Qxb2 14. Nb3 Bb4+ 15. Kf1 Qxe2+ 16. Kxe2) 13... Ba3 $1 {[%mdl 512]} 14. bxa3 Qa1+ 15. Nb1 {Strongly threatening Re1.} Be4 {[%csl Ge4][%cal Ra1b1]} 16. Rxd8+ Rxd8 {[%csl Ge4][%cal Ra1b1]} 17. Qb2 {[#]} Rd1+ $1 {[%mdl 512]} 18. Kxd1 Qxb2 19. Nd2 Qxa2 20. g4 fxg4 21. hxg4 Qc2+ 22. Ke1 Bd3 {[%cal Rc2c1]} 23. f3 Qc1+ 24. Kf2 Qxa3 25. Bh3 Kb8 26. g5 Ng8 27. Rg4 {next Rd4 is good for White.} Bf5 28. Rd4 {White wants to mate with Rd8+.} Bxh3 29. Rd8+ Bc8 30. Rxg8 Qe7 31. c5 a5 {[%cal Ba7a5,Ba5a4,Ba4a3,Ba3a2][%mdl 32]} 32. Ne4 Qf7 33. Rh8 a4 34. Bd4 Qf5 35. Rg8 (35. Bb2 $142) 35... a3 {And now ...Qd5 would win.} 36. Rxg7 a2 37. Bb2 Be6 38. c6 Bd5 39. Ke3 Bxe4 40. Rg8+ Ka7 41. Bd4+ b6 42. fxe4 Qf1 43. Rg7 Qg1+ {Precision: White = 30%, Black = 74%.} 0-1

[Event "16th IRI-chT Super League 2017"]
[Site "Sari"]
[Date "2017.09.13"]
[Round "1.4"]
[White "Tabatabaei, M amin"]
[Black "Gholami, Aryan"]
[Result "1/2-1/2"]
[WhiteElo "2548"]
[BlackElo "2468"]
[Annotator "TA"]
[PlyCount "22"]
[EventDate "2017.??.??"]
[EventType "team-tourn"]
[EventCountry "IRI"]
[SourceTitle "playchess.com"]
[Source "ChessBase"]
[SourceQuality "1"]

1. c4 {Program Activation Required} Nf6 2. Nc3 c5 3. g3 d5 4. cxd5 Nxd5 5. Bg2 Nc7 6. e3 Nc6 {A34: Englische Eröffnung (Symmetrische Variante)} 7. Nge2 e5 8. O-O Be7 9. f4 exf4 10. Nxf4 O-O 11. b3 Ne6 $146 ({Vorgänger:} 11... Bf5 12. Ba3 Qd7 13. Rc1 Bg4 14. Qe1 {0-1 (32) Cornette,M (2593)-Nikolov,M (2563) Rochefort 2017}) 1/2-1/2

[Event "16th IRI-chT Super League 2017"]
[Site "Sari"]
[Date "2017.09.13"]
[Round "1.4"]
[White "Hosseinzadeh, Nima"]
[Black "Maleki, Mojtaba"]
[Result "0-1"]
[WhiteElo "2310"]
[BlackElo "2149"]
[Annotator "TA"]
[PlyCount "100"]
[EventDate "2017.??.??"]
[EventType "team-tourn"]
[EventCountry "IRI"]
[SourceTitle "playchess.com"]
[Source "ChessBase"]
[SourceQuality "1"]

1. e4 {Program Activation Required} c5 2. Nf3 Nf6 3. e5 Nd5 4. d4 cxd4 5. Qxd4 e6 6. a3 {B29: Sizilianisch (Rubinstein-Variante)} Nc6 7. Qd2 $146 ({Vorgänger:} 7. Qe4 d6 8. c4 Nb6 9. exd6 Bxd6 10. Nc3 Nd7 11. Bg5 Be7 12. Bxe7 Qxe7 13. O-O-O Nc5 {½-½ (44) Morozevich,A (2683)-Lintchevski,D (2566) Kazan 2016}) 7... d6 8. c4 Nb6 9. exd6 Bxd6 10. b4 Ne5 11. Nc3 Nxf3+ 12. gxf3 Qf6 13. Bb2 Bf4 14. Qc2 Be5 15. O-O-O O-O 16. Bd3 Nxc4 17. Bxc4 Qf4+ 18. Kb1 Qxc4 19. Rhe1 Bf6 20. Re4 Qc7 21. Nb5 Qxc2+ 22. Kxc2 Bxb2 23. Kxb2 a6 24. Nc3 b5 25. f4 Bb7 26. Red4 Rfc8 27. Kb3 h6 28. R1d3 Rc7 29. Rd8+ Rxd8 30. Rxd8+ Kh7 31. a4 bxa4+ 32. Nxa4 Bd5+ 33. Kb2 Rc4 34. Rb8 a5 35. Ka3 axb4+ 36. Rxb4 Rxb4 37. Kxb4 Kg6 38. Kc3 Kf5 39. Kd2 Kxf4 40. Ke2 Bc4+ 41. Ke1 Kf3 42. Nb6 Bb5 43. Nc8 f5 44. h3 Kg2 45. Nd6 Bc6 46. h4 Kh3 47. h5 Kh4 48. Nc4 Kxh5 49. f4 Bd5 50. Ne5 g5 0-1

[Event "16th IRI-chT Super League 2017"]
[Site "Sari"]
[Date "2017.09.13"]
[Round "1.5"]
[White "Hejazipour, Mitra"]
[Black "Khademalsharieh, Sarasadat"]
[Result "1/2-1/2"]
[WhiteElo "2345"]
[BlackElo "2433"]
[Annotator "TA"]
[PlyCount "22"]
[EventDate "2017.??.??"]
[EventType "team-tourn"]
[EventCountry "IRI"]
[SourceTitle "playchess.com"]
[Source "ChessBase"]
[SourceQuality "1"]

1. d4 {Program Activation Required} Nf6 2. c4 e6 3. Nf3 d5 4. Nc3 Bb4 5. Bg5 dxc4 6. e4 c5 7. Bxc4 cxd4 8. Nxd4 Qa5 9. Bd2 Qc5 {D39: Damengambit (Ragosin-Verteidigung)} 10. Qb3 $146 ({Vorgänger:} 10. Bb5+ Bd7 11. Nb3 Qe7 12. Bd3 Nc6 13. O-O O-O 14. a3 Bd6 15. Bg5 h6 16. Bh4 Bf4 17. Ne2 {0-1 (52) Bacrot,E (2718)-Wang,H (2710) Beijing 2014}) 10... Nxe4 11. Be3 Qe7 1/2-1/2

[Event "16th IRI-chT Super League 2017"]
[Site "Sari"]
[Date "2017.09.13"]
[Round "1.5"]
[White "Asgharzadeh, Mitra"]
[Black "Zahedifar, Anahita"]
[Result "1-0"]
[WhiteElo "1976"]
[BlackElo "2106"]
[Annotator "TA"]
[PlyCount "65"]
[EventDate "2017.??.??"]
[EventType "team-tourn"]
[EventCountry "IRI"]
[SourceTitle "playchess.com"]
[Source "ChessBase"]
[SourceQuality "1"]

{[%evp 21,65,0,42,36,87,22,37,41,35,35,37,41,41,43,41,28,24,24,70,0,0,7,19,18,19,17,552,555,536,525,2454,2472,2410,1958,2492,962,1114,1179,1976,1962,2316,2297,2219,2089,29993,29993]} 1. Nf3 d5 2. g3 c6 3. Bg2 Bf5 4. O-O Nf6 5. d3 h6 6. Nbd2 e6 7. b3 Be7 8. Bb2 a5 9. a3 O-O 10. Re1 Bh7 11. e4 c5 {LiveBook: 4 Games. A07: Réti Opening: New York and Capablanca Systems} (11... Na6 12. Qe2 Rc8 13. Ne5 Nc5 14. Rad1 Nfd7 15. Ng4 Nf6 16. h3 b5 17. Kh2 Nxg4+ 18. hxg4 dxe4 19. Nxe4 {½-½ (47) Sasikiran,K (2682)-Tomashevsky,E (2745) Tsaghkadzor 2015}) 12. Ne5 Re8 $146 ({Better is} 12... Nc6 $14) ({Find the theoretical novelty and annotate with similar games:} 12... Nc6 13. Nxc6 bxc6 14. a4 Qb6 15. Rb1 Rfe8 16. Qe2 Rad8 17. Bc3 Nd7 18. Kh1 Bf6 19. e5 {0-1 (70) Movsziszian,K (2520)-Das,S (2381) Sitges 2014}) 13. Qe2 (13. exd5 $16 exd5 14. c4) 13... Nc6 {The position is equal.} 14. Nxc6 bxc6 15. a4 Nd7 16. h4 Bf6 17. e5 Be7 18. Nf3 Bf5 19. Nh2 f6 20. f4 ({White should try} 20. Ng4 $14) 20... fxe5 $11 21. fxe5 Qb6 {Strongly threatening ...c4+.} 22. Kh1 $1 Rf8 23. Rf1 g5 $2 {[%mdl 8192]} (23... c4 $11 24. dxc4 Nc5) 24. Qh5 $18 Kg7 25. Ng4 Rh8 {[#] aiming for ...Bg6.} 26. Rxf5 $1 {[%csl Gf5][%cal Rh5f7][%mdl 512]} Raf8 (26... exf5 27. e6+) 27. Rxf8 Nxf8 28. Nf6 Ng6 29. Qg4 gxh4 30. Qxe6 {[#] White wants to mate with Nh5+.} h5 31. gxh4 Qb4 32. Rg1 {White threatens Be4! and mate.} Rf8 33. Bh3 {Precision: White = 68%, Black = 24%.} 1-0

[Event "16th IRI-chT Super League 2017"]
[Site "Sari"]
[Date "2017.09.13"]
[Round "2"]
[White "Maghsoodloo, Parham"]
[Black "Tahbaz, Arash"]
[Result "1-0"]
[WhiteElo "2569"]
[BlackElo "2381"]
[Annotator "TA"]
[PlyCount "123"]
[EventDate "2017.??.??"]
[EventType "team-tourn"]
[EventCountry "IRI"]
[SourceTitle "playchess.com"]
[Source "ChessBase"]
[SourceQuality "1"]

1. Nf3 {Program Activation Required} Nf6 2. g3 e6 3. Bg2 Be7 4. O-O O-O 5. d3 d5 6. Nbd2 Nc6 7. c3 {A07: Barcza-System (Königsfianchetto mit möglichen Übergängen in andere Systeme)} (7. d4 Ne4 8. c3 f5 9. Ne1 e5 10. dxe5 Nxe5 11. Nd3 Ng6 12. c4 Be6 13. cxd5 Nxd2 14. dxe6 Nxf1 15. Kxf1 {½-½ (49) Kramnik,V (2801)-Aronian,L (2792) Zuerich 2016}) 7... e5 8. Qc2 a5 9. a4 h6 10. e4 $146 ({Vorgänger:} 10. Re1 Be6 11. e4 dxe4 12. dxe4 Nd7 13. Bf1 Bc5 14. Nc4 Qf6 15. Kg2 Rfd8 16. Be3 Bxe3 17. Rxe3 {½-½ (17) Tavoularis,N (2193)-Rendle,T (2357) Coulsdon 2006}) 10... dxe4 11. dxe4 Be6 12. Rd1 Qc8 13. Nf1 Bc5 14. Be3 Nd7 15. N3d2 Rd8 16. Nb3 Be7 17. f3 b6 18. Bf2 Qb7 19. Ne3 Nf6 20. Bf1 Rxd1 21. Rxd1 Rd8 22. Rxd8+ Nxd8 23. Nc1 Nd7 24. Qd2 Nc6 25. Bc4 Bxc4 26. Nxc4 Nf6 27. Nd3 b5 28. axb5 Qxb5 29. Ne3 a4 30. Qc2 Bf8 31. Kg2 Qa5 32. b4 Qa6 33. Nc1 Na7 34. Qd3 Nb5 35. Nc2 c6 36. c4 Nc7 37. Be1 Nfe8 38. Na3 Nd6 39. Qc3 Ne6 40. Nd3 f6 41. Bf2 Kf7 42. Qc2 Nc8 43. Qa2 Nd6 44. Nb2 Nc8 45. c5 Qe2 46. Nac4 Kg6 47. Nxe5+ Kh7 48. Qxe6 a3 49. Ned3 Qc2 50. Qc4 Qb1 51. Na4 a2 52. Nc3 Qc2 53. Ne1 Qxf2+ 54. Kxf2 a1=Q 55. Ne2 Qb1 56. Qf7 Be7 57. Qe6 Qxb4 58. Qxc8 Bxc5+ 59. Kf1 Ba7 60. Qxc6 Qb3 61. e5 f5 62. Qc2 1-0

[Event "16th IRI-chT Super League 2017"]
[Site "Sari"]
[Date "2017.09.13"]
[Round "2"]
[White "Firouzja, Alireza"]
[Black "Javanbakht, Nima"]
[Result "1/2-1/2"]
[WhiteElo "2527"]
[BlackElo "2418"]
[Annotator "TA"]
[PlyCount "128"]
[EventDate "2017.??.??"]
[EventType "team-tourn"]
[EventCountry "IRI"]
[SourceTitle "playchess.com"]
[Source "ChessBase"]
[SourceQuality "1"]

1. e4 {Program Activation Required} c5 2. Nf3 Nc6 3. d4 cxd4 4. Nxd4 e5 5. Nb5 d6 6. N1c3 a6 7. Na3 b5 8. Nd5 Nf6 9. Bg5 Be7 10. Bxf6 Bxf6 11. c3 O-O 12. Nc2 Bg5 13. a4 bxa4 14. Rxa4 Ne7 15. Ncb4 {B33: Sizilianisch (Lasker/Pelikan/Sweschnikow-Variante)} a5 16. Bc4 (16. Nxe7+ Qxe7 17. Bc4 Bd7 18. Nd5 Qe6 19. Ra2 Qg6 20. Qe2 Bd8 {½-½ (32) Voss,M (2665)-Cruzado Duenas,C (2584) ICCF email 2010}) 16... Bd7 $146 ({Vorgänger:} 16... Rb8 17. Nxe7+ Bxe7 18. Nc6 Qc7 19. Nxb8 Qxb8 20. b3 Qb6 21. O-O Bd7 22. Ra2 Rc8 {1-0 (47) Virzi,E (1972)-Santelli,F (1787) Milan 2013}) 17. Nxe7+ Bxe7 18. Nd5 Bxa4 19. Qxa4 Kh8 20. O-O g6 21. Bb5 f5 22. Bc6 Rb8 23. b4 axb4 24. cxb4 fxe4 25. Re1 Bh4 26. g3 Qc8 27. Rxe4 Bd8 28. b5 Qf5 29. Re2 Qd3 30. Qc2 Qd4 31. Rd2 Qa7 32. Kg2 Rf7 33. Qa2 Ba5 34. Re2 Rbf8 35. f4 Bb6 36. Qxa7 Bxa7 37. b6 exf4 38. gxf4 Bxb6 39. Nxb6 Rxf4 40. h3 Kg7 41. Rd2 R8f5 42. Nd5 Rg5+ 43. Kh2 Rc4 44. Bd7 h5 45. Ne3 Re4 46. Nd1 Re1 47. Bc6 Kh6 48. Bf3 Re6 49. Nf2 Rf5 50. Bg2 Rfe5 51. Ne4 Rxe4 52. Bxe4 Rxe4 53. Rxd6 Kg5 54. Kg3 Re3+ 55. Kg2 Kf5 56. Rd8 Kf4 57. Rf8+ Kg5 58. Ra8 h4 59. Ra4 Re2+ 60. Kf3 Rh2 61. Ra5+ Kh6 62. Kg4 Rg2+ 63. Kxh4 g5+ 64. Rxg5 Rxg5 1/2-1/2

[Event "16th IRI-chT Super League 2017"]
[Site "Sari"]
[Date "2017.09.13"]
[Round "2"]
[White "Mosadeghpour, Masoud"]
[Black "Sadeh, Shahin"]
[Result "1-0"]
[WhiteElo "2509"]
[BlackElo "2335"]
[Annotator "TA"]
[PlyCount "75"]
[EventDate "2017.??.??"]
[EventType "team-tourn"]
[EventCountry "IRI"]
[SourceTitle "playchess.com"]
[Source "ChessBase"]
[SourceQuality "1"]

1. e4 {Program Activation Required} g6 2. d4 Bg7 3. Nc3 d6 4. f4 Nf6 5. Nf3 O-O 6. Bd3 Nc6 7. e5 dxe5 8. fxe5 Ng4 9. h3 {B09: Pirc-Ufimzew-Verteidigung (Dreibauernangriff)} (9. Ne2 Nb4 10. Bc4 c5 11. c3 Nc6 12. h3 Nh6 13. O-O cxd4 14. cxd4 Na5 15. Bd3 f6 16. b4 Nc6 {1-0 (35) Karjakin,S (2775)-Ivanchuk,V (2766) Beijing 2012}) 9... Nh6 10. d5 Nb4 11. Bc4 c6 12. Bg5 cxd5 13. Bxd5 Bf5 $146 ({Vorgänger:} 13... Nxd5 14. Nxd5 f6 15. exf6 exf6 16. Nxf6+ Bxf6 17. Qxd8 Bxd8 18. Bxh6 {1-0 (29) Egger Mancilla,J (2400)-Frey,H (2215) Vina del Mar 1998}) 14. Rc1 Qb6 15. a3 Nc6 16. Bxc6 bxc6 17. Qd2 Rfd8 18. Qf4 Qxb2 19. Nd1 Rxd1+ 20. Rxd1 Bxc2 21. Rc1 Qc3+ 22. Kf2 Nf5 23. Qd2 Qc5+ 24. Ke1 Bxe5 25. Rxc2 Qb6 26. Nxe5 Rd8 27. Rxc6 Qb1+ 28. Rc1 Qe4+ 29. Qe2 Qa4 30. Nc6 Rd6 31. Nxe7+ Nxe7 32. Bxe7 Re6 33. Rc8+ Kg7 34. Bf8+ Kf6 35. Rf1+ Kg5 36. Rc5+ Kh4 37. Be7+ Kg3 38. Rc3+ 1-0

[Event "16th IRI-chT Super League 2017"]
[Site "Sari"]
[Date "2017.09.13"]
[Round "2"]
[White "Gholami, Aryan"]
[Black "Azali, Ashkan"]
[Result "1-0"]
[WhiteElo "2468"]
[BlackElo "2063"]
[Annotator "TA"]
[PlyCount "59"]
[EventDate "2017.??.??"]
[EventType "team-tourn"]
[EventCountry "IRI"]
[SourceTitle "playchess.com"]
[Source "ChessBase"]
[SourceQuality "1"]

1. Nf3 {Program Activation Required} Nf6 2. c4 c5 3. Nc3 Nc6 4. e3 e6 5. d4 d5 6. a3 dxc4 7. Bxc4 Be7 8. O-O O-O 9. dxc5 Bxc5 10. b4 Bd6 11. Bb2 a6 {D26: Angenommenes Damengambit} (11... Qe7 12. Qc2 Bd7 13. Rfd1 Ne5 14. Ne4 Nxf3+ 15. gxf3 Nxe4 16. Qxe4 Bc6 17. Qg4 e5 18. Bd5 Ba4 19. Rdc1 {0-1 (35) Peralta,F (2557)-Kulaots,K (2556) Dresden 2008}) 12. Qc2 h6 $146 ({Vorgänger:} 12... Qe7 13. Rfd1 Bd7 14. Ne4 Nxe4 15. Qxe4 Rad8 16. Rd2 f5 17. Qc2 Kh8 18. Rad1 Bb8 19. Qc3 {1-0 (32) Grigoryan,A (2404)-Jessel,S (2357) Yerevan 2006}) 13. Rfd1 Qc7 14. Ne4 Nxe4 15. Qxe4 Rd8 16. Rac1 Qe7 17. Bd3 f5 18. Qc4 Qf7 19. e4 Be7 20. Qb3 g6 21. Qc3 Qh7 22. exf5 gxf5 23. Bc4 Re8 24. Rd3 Kf7 25. b5 axb5 26. Bxb5 Rg8 27. Bxc6 bxc6 28. Ne5+ Kf8 29. Qxc6 Rb8 30. Qc7 1-0

[Event "16th IRI-chT Super League 2017"]
[Site "Sari"]
[Date "2017.09.13"]
[Round "2"]
[White "Alavi, Sayed Javad"]
[Black "Idani, Pouya"]
[Result "1/2-1/2"]
[WhiteElo "2458"]
[BlackElo "2566"]
[Annotator "TA"]
[PlyCount "41"]
[EventDate "2017.??.??"]
[EventType "team-tourn"]
[EventCountry "IRI"]
[SourceTitle "playchess.com"]
[Source "ChessBase"]
[SourceQuality "1"]

{[%evp 24,41,30,7,29,0,0,0,0,0,0,0,8,0,0,0,0,-11,0,0]} 1. d4 Nf6 2. c4 e6 3. Nc3 Bb4 4. e3 O-O 5. Bd3 c5 6. Nf3 b6 7. O-O Bb7 8. Na4 cxd4 {E43: Nimzo-Indian: Rubinstein: 4...b6} 9. a3 (9. exd4 Bxf3 10. Qxf3 Nc6 11. Be3 e5 12. d5 e4 13. Bxe4 Ne5 14. Qf4 Re8 15. Bf3 Bd6 16. Qd4 Nxf3+ 17. gxf3 {0-1 (62) Mamedyarov,S (2800)-Karjakin,S (2781) Paris 2017}) 9... Bd6 10. exd4 Bxf3 11. Qxf3 Nc6 12. Be3 e5 13. dxe5 {LiveBook: 5 Games} Nxe5 14. Qe2 Neg4 $146 {The position is equal.} ({Find the theoretical novelty and annotate with similar games:} 14... Qc7 15. h3 Rfe8 16. b4 {½-½ (28) Parker,J (2523)-Wells,P (2489) England 2009}) 15. h3 Nxe3 16. Qxe3 Re8 17. Qd2 Qc7 18. Rfe1 (18. Nc3 $5 {[%cal Rc3b5]}) 18... Bh2+ 19. Kf1 Bf4 20. Qc2 Re6 21. Nc3 1/2-1/2